书目信息 |
| 题名: |
建设项目管理学
|
|
| 作者: | 金敏求 主编 | |
| 分册: | ||
| 出版信息: | 北京 中国建筑工业出版社 1988.12 |
|
| 页数: | 556页 | |
| 开本: | 19厘米 | |
| 丛书名: | ||
| 单 册: | ||
| 中图分类: | F407.9 , F426.9 | |
| 科图分类: | ||
| 主题词: | 基本建设项目—管理学 , 管理学—基本建设项目 , 工业经济--中国 | |
| 电子资源: | ||
| ISBN: | 7-112-00579-5 | |
| 000 | 00881nam0 2200277 45 | |
| 001 | 0189002045 | |
| 005 | 20060818155113.34 | |
| 010 | @a7-112-00579-5@dCNY7.00 | |
| 020 | @aCN@b89002045 | |
| 100 | @a19900816d1988 m y0chiy0120 ea | |
| 101 | 0 | @achi |
| 102 | @aCN@b110000 | |
| 105 | @ay z 000yy | |
| 200 | 10 | @a建设项目管理学@Ajian she xiang mu guan li xue@f金敏求主编@Fjin min qiu zhu bian |
| 210 | @a北京@c中国建筑工业出版社@d1988.12 | |
| 215 | @a556页@d19厘米 | |
| 330 | @a本书从宏观与微观两方面论述建设项目管理并介绍国外有益经验、探讨改革问题。 | |
| 540 | 1 | @a建设 项目 管理学@Ajian she xiang mu guan li xue |
| 606 | @a基本建设项目—管理学 | |
| 606 | @a管理学—基本建设项目 | |
| 606 | 0 | @a工业经济@x中国 |
| 690 | @aF407.9@v1980 | |
| 690 | @aF426.9@v3 | |
| 701 | 0 | @a金敏求@Ajin min qiu@4主编 |
| 801 | 0 | @aCN@bTSSF@c20060818 |
| 905 | @a10447@dF426.9@e73 | |
| 建设项目管理学/金敏求主编.-北京:中国建筑工业出版社,1988.12 |
| 556页;19厘米 |
| ISBN 7-112-00579-5:CNY7.00 |
| 本书从宏观与微观两方面论述建设项目管理并介绍国外有益经验、探讨改革问题。 |
| ● |
| 相关链接 |
|
|
|
|
正题名:建设项目管理学
索取号:F426.9/73
 
预约/预借
| 序号 | 登录号 | 条形码 | 馆藏地/架位号 | 状态 | 备注 |
| 1 | 0469212 | 204692127 | 密集书库/ [索取号:F426.9/73] | 在馆 |